Biggest Cities of Countries that have One Border - Statistics

General Stats
  • This quiz has been taken 266 times
  • The average score is 11 of 20
Answer Stats
Population Country % Correct
24,400,000 Seoul
90%
14,400,000 London
88%
7,100,000 Toronto
87%
2,600,000 Lisbon
86%
1,610,000 Copenhagen
76%
2,850,000 Port-au-Prince
65%
4,100,000 Montreal
64%
3,650,000 Santo Domingo
64%
3,000,000 Manchester
62%
2,500,000 Vancouver
62%
3,125,000 Birmingham
59%
1,830,000 Liverpool
57%
1,620,000 Glasgow
54%
2,150,000 Leeds
53%
4,275,000 Busan
50%
2,025,000 Doha
47%
1,540,000 Sheffield
34%
2,750,000 Taegu
25%
1,590,000 Kwangju
11%
1,600,000 Daejeon
9%
No matching quizzes found
Score Distribution
Percent of People with Each Score
Percentile by Number Answered
Your Score History
You have not taken this quiz